| 000 | 01070nam a22002657a 4500 | ||
|---|---|---|---|
| 003 | OSt | ||
| 005 | 20151016132401.0 | ||
| 008 | 130604s2008 sp ||||| |||| 00| 0 spa d | ||
| 020 | _a9788498501155 | ||
| 040 | _cCDMR | ||
| 100 | 1 |
_93644 _aMartí Centellas, Joan _d1832-1902 |
|
| 245 |
_aJoan Martí, fotògraf _b: belleses del XIX _c[textos, Rafel Torrella, David Iglesias] |
||
| 260 |
_aBarcelona _bArxiu fotogràfic de l'Arxiu Històric de Barcelona |
||
| 260 | _bInstitut de Cultura de Barcelona | ||
| 260 |
_bImatge i Prodicció _c2008 |
||
| 300 |
_a254 p. _bil. fot. |
||
| 500 | _aCatàleg de l'exposició "Joan Martí, fotògraf. Belleses del XIX", celebrada del 23 d'octubre de 2008 al 31 de gener de 2008 | ||
| 600 | 1 |
_93644 _aMartí Centellas, Joan _d1832-1902 |
|
| 650 | 0 | 4 |
_93145 _aFotografia _xExposicions |
| 700 | 1 |
_93645 _aTorrella, Rafel |
|
| 700 | 1 |
_93646 _aIglesias, David |
|
| 710 | 2 |
_93217 _aArxiu Històric de la Ciutat (Barcelona, Catalunya) _b -- Arxiu Fotogràfic |
|
| 710 | 2 |
_93218 _aInstitut de Cultura (Barcelona, Catalunya) |
|
| 942 |
_2udc _cMON |
||
| 999 |
_c6393 _d6393 |
||